Láminas sobre el conflicto entre Israel y Palestina]

保存先:
書誌詳細
フォーマット: 不明
タグ: タグ追加
タグなし, このレコードへの初めてのタグを付けませんか!

MARC

LEADER 00000 a2200000 04500
001 41242
003
008 050702s2010 d
040
020 |a [sin ISBN]  
090 |a 0007 C748c  
245 |a Láminas sobre el conflicto entre Israel y Palestina]  
300 |a 8 láminas : ilustraciones a color  
500 |a Título proporcionado por la catalogadora  
999 |c 15704  |d 15704